[Event "Muenster op-B 39th"]
[Site "Muenster"]
[Date "2022.10.03"]
[Round "2"]
[White "Scholtholt, Christian"]
[Black "Wild, Alexander"]
[Result "0-1"]
[WhiteElo "1495"]
[BlackElo "1794"]
[PlyCount "44"]
[EventDate "2022.10.03"]
[EventType "swiss"]
[EventRounds "7"]
[EventCountry "GER"]
[SourceTitle "EXT 2023"]
[Source "ChessBase"]
[SourceDate "2022.10.05"]
[SourceVersion "1"]
[SourceVersionDate "2022.10.05"]
[SourceQuality "1"]

1. e4 e6 2. d4 d5 3. e5 c5 4. c3 Nc6 5. Bb5 Qb6 6. Bxc6+ bxc6 7. Ne2 cxd4 8. cxd4 Ba6 9. Nbc3 Ne7 10. 0-0 Nf5 11. Re1 Be7 12. Rb1 Bb4 13. Be3 Nxe3 14. fxe3 0-0 15. a3 Be7 16. b4 Bc4 17. Nc1 a5 18. Na4 Qb5 19. Nc5 Bxc5 20. dxc5 axb4 21. Rxb4 Qxc5 22. Nb3 Qa7 0-1

[Event "Gelsenkirchen Koenigsspringer op"]
[Site "Gelsenkirchen"]
[Date "2019.12.30"]
[Round "7"]
[White "Scholtholt, Christian"]
[Black "Benning, Martin"]
[Result "1/2-1/2"]
[WhiteElo "1349"]
[BlackElo "1698"]
[PlyCount "36"]
[EventDate "2019.12.27"]
[EventType "swiss"]
[EventRounds "7"]
[EventCountry "GER"]
[SourceTitle "CBM 194 Extra"]
[Source "ChessBase"]
[SourceDate "2020.03.31"]
[SourceVersion "1"]
[SourceVersionDate "2020.03.31"]
[SourceQuality "1"]

1. c4 Nf6 2. g3 d6 3. Bg2 g6 4. d4 Bg7 5. Nf3 0-0 6. Nc3 c5 7. 0-0 Bd7 8. Bg5 cxd4 9. Nxd4 Nc6 10. e3 Qc8 11. b3 Bh3 12. Rc1 Bxg2 13. Kxg2 h6 14. Bxf6 Bxf6 15. Nd5 Bg7 16. Nxc6 Qxc6 17. Qf3 Qd7 18. Kg1 e6 1/2-1/2

[Event "Gelsenkirchen Koenigsspringer op"]
[Site "Gelsenkirchen"]
[Date "2019.12.29"]
[Round "6"]
[White "Brock, Udo"]
[Black "Scholtholt, Christian"]
[Result "1/2-1/2"]
[WhiteElo "1753"]
[BlackElo "1349"]
[PlyCount "63"]
[EventDate "2019.12.27"]
[EventType "swiss"]
[EventRounds "7"]
[EventCountry "GER"]
[SourceTitle "CBM 194 Extra"]
[Source "ChessBase"]
[SourceDate "2020.03.31"]
[SourceVersion "1"]
[SourceVersionDate "2020.03.31"]
[SourceQuality "1"]

1. d4 d5 2. Nf3 Bf5 3. e3 Nf6 4. c4 dxc4 5. Bxc4 e6 6. 0-0 Bd6 7. Nc3 a6 8. a4 0-0 9. Re1 Ne4 10. Bd2 Nd7 11. Nxe4 Bxe4 12. Bc3 Nb6 13. Bd3 Bxd3 14. Qxd3 Nd5 15. Rec1 Nxc3 16. Qxc3 c6 17. Qb3 Rb8 18. Qc4 Qa5 19. Qc2 h6 20. Nd2 Qh5 21. Nf3 g5 22. h3 f5 23. Ne5 Bxe5 24. dxe5 Rfd8 25. Qc4 Qf7 26. Rd1 Rd5 27. f4 Rbd8 28. Rxd5 Rxd5 29. Qe2 Qg6 30. Rd1 gxf4 31. Rxd5 cxd5 32. exf4 1/2-1/2